Villes Françaises.... mais pas que - Statistiques

Statistiques générales
  • Ce quiz a été pris 712 fois
  • Le résultat moyen est 6 sur 10
Statistiques - réponses
Réponse % Correct
Bayonne
81%
Valence
73%
Montpellier / Montpelier
69%
Vienne
62%
Laval
58%
Brest
57%
Orange
49%
Bruges
44%
Paris
41%
Saint-Louis
23%
Aucun quiz correspondant
Distribution des résultats
% des personnes avec chaque résultat
Percentile par nombre de réponses
Votre historique - résultats
Vous n’avez pas pris ce quiz